LEADER 01660nlm0 22004691i 450 001 990009248310403321 010 $a9783540341512 035 $a000924831 035 $aFED01000924831 035 $a(Aleph)000924831FED01 035 $a000924831 100 $a20100926d2006----km-y0itay50------ba 101 0 $aeng 102 $aDE 135 $adrnn-008mamaa 200 1 $aLocation- and Context-Awareness$bRisorsa elettronica$eSecond International Workshop, LoCA 2006, Dublin, Ireland, May 10-11, 2006. Proceedings$fedited by Mike Hazas, John Krumm, Thomas Strang 210 $aBerlin ; Heidelberg$cSpringer$d2006 225 1 $aLecture Notes in Computer Science$x0302-9743$v3987 230 $aDocumento elettronico 336 $aTesto 337 $aFormato html, pdf 702 1$aHazas,$bMike 702 1$aKrumm,$bJohn 702 1$aStrang,$bThomas 801 0$aIT$bUNINA$gREICAT$2UNIMARC 856 4 $zFull text per gli utenti Federico II$uhttp://dx.doi.org/10.1007/11752967 901 $aEB 912 $a990009248310403321 961 $aCommunications Engineering, Networks 961 $aComputer Communication Networks 961 $aComputer Communication Networks 961 $aComputer science 961 $aComputer Science 961 $aInformation Storage and Retrieval 961 $aInformation storage and retrieval systems 961 $aInformation systems 961 $aInformation Systems Applications (incl.Internet) 961 $aPersonal Computing 961 $aTelecommunication 961 $aUser Interfaces and Human Computer Interaction 996 $aLocation- and Context-Awareness$9771890 997 $aUNINA LEADER 01740nam 2200421Ia 450 001 996393714203316 005 20200824121655.0 035 $a(CKB)4940000000115823 035 $a(EEBO)2240864829 035 $a(UnM)99900491e 035 $a(UnM)99900491 035 $a(EXLCZ)994940000000115823 100 $a19990114d1622 uy | 101 0 $aeng 135 $aurbn||||a|bb| 200 10$aBel. 1622$b[electronic resource] $eA new almanacke and prognostication, seruing for the yeare of your Lord God, M. DC. XXII. being the second after Leape-yeare. Composed and calculated especially according to the scituation of the citie of Norwich, yet with small errour may serue for all England. By George Bell student in Mathematicks, and practitioner in physicke 210 $aLondon $cprinted for the company of Stationers$d[1622] 215 $a[40] p. $cill., tables, diagrams 300 $aTitle page and calender printed in red and black. 300 $aDate of publication from STC. 300 $a"Bell, 1622. A prognostication, for the yeare of our Lore God, 1622." has separate title page; register is continuous. 300 $aSignatures: [A]-B C?. 300 $aReproduction of original in the Lambeth Palace, London, England. 330 $aeebo-0076 606 $aAlmanacs, English$vEarly works to 1800 606 $aEphemerides$vEarly works to 1800 606 $aAstrology$vEarly works to 1800 615 0$aAlmanacs, English 615 0$aEphemerides 615 0$aAstrology 700 $aBell$b George$cstudent in mathematicks.$084918 801 0$bCu-RivES 801 1$bCu-RivES 801 2$bWaOLN 906 $aBOOK 912 $a996393714203316 996 $aBel. 1622$92405815 997 $aUNISA LEADER 01160nam a22002891i 4500 001 991004063899707536 005 20031017174202.0 008 031111s1975 it |||||||||||||||||ita 035 $ab12514251-39ule_inst 035 $aARCHE-054752$9ExL 040 $aDip.to Lingue$bita$cA.t.i. Arché s.c.r.l. Pandora Sicilia s.r.l. 082 04$a833.91 082 04$a838.91 100 1 $aBrecht, Bertolt$036137 245 12$aL'acquisto dell'ottone ; Breviario di estetica teatrale ; e altre riflessioni :$b1937-1956 /$cBertolt Brecht ; introduzione di Emilio Castellani 260 $aTorino :$bEinaudi,$c1975 300 $aXI, 303 p. ;$c22 cm 440 0$aScritti teatrali ;$v2 440 0$aSaggi [Einaudi] ;$v540 650 4$aTeatro$ySec. 20.$xSaggi 700 1 $aCastellani, Emilio 907 $a.b12514251$b02-04-14$c13-11-03 912 $a991004063899707536 945 $aLE012 838.91 BRE 32$cV. 2$g1$i2012000211919$lle012$o-$pE0.00$q-$rl$s- $t0$u1$v0$w1$x0$y.i12953064$z13-11-03 996 $aAcquisto dell'ottone ; Breviario di estetica teatrale ; e altre riflessioni$9185032 997 $aUNISALENTO 998 $ale012$b13-11-03$cm$da $e-$fita$git $h2$i1